000 00604nam a2200181Ia 4500
005 20250923145126.0
008 008 250917s9999 xx 000 0 eng d
037 _aTextual
040 _aDSWL
_beng
_cDSWL
041 _aeng
_2eng
084 _aYX,Z1-z4;6-J251'N67t4, N68
_qDSWL
100 _aCheema, Jatinder
_9832017
245 0 _aAttitudes of Government employees towards foster family care
_cby Jatinder Cheema
260 _aDelhi
_bSchool of Social Work
_c1968
300 _a89 p.
942 _cTEXL
_hYX,Z1-z4;6-J251'N67t4, N68
999 _c1447460
_d1447460